000 00330nam a2200145Ia 4500
008 150301s2014 xx 000 0 und d
082 _a618.92
_bP14A
100 _aAGARWAL, KN
245 _aTB. OF PEDIATRICS
250 _a1ST
260 _bANE BOOK PUB
_aDELHI
_c2014
300 _a422
650 _aPEDIATRICS
942 _2ddc
_cBK
999 _c6709
_d6709